000 00604cab a2200217 4500
001 ABS57368
008 090401t1997 xxu||||| |||| 00| 0 eng d
035 _a(Sirsi) u79743
041 _aeng
100 _aSeidl, A.
245 _aCommand performance
260 _c1997
350 _a0
490 _aEstates Gazette
_v(9728) 12 July 1997, 69-70(2)
520 _aProfile of Christopher Howes, chief executive of the Crown Estate.
650 _aCHRISTOPHER HOWES
650 _aCROWN ESTATE
690 _aMANAGEMENT-BUSINESS MANAGEMENT-PROFESSIONAL PRACTICE
942 _n0
948 _c21/07/1997
999 _c50167
_d50167